United States Congress: House of Representatives - Statistics

General Stats
  • This quiz has been taken 415 times
    13 since last reset
  • The average score is 147 of 430
Answer Stats
State District Political Party Congressperson % Correct
Washington 9 Democratic Adam Smith
100%
Nebraska 3 Republican Adrian Smith
100%
New York 14 Democratic Alexandria Ocasio-Cortez
100%
New Jersey 4 Republican Chris Smith
100%
South Dakota At-large Republican Dusty Johnson
100%
Georgia 4 Democratic Hank Johnson
100%
Missouri 8 Republican Jason Smith
100%
Ohio 4 Republican Jim Jordan
100%
California 34 Democratic Jimmy Gomez
100%
Texas 32 Democratic Julie Johnson
100%
Florida 15 Republican Laurel Lee
100%
Louisiana 4 Republican Mike Johnson
100%
Pennsylvania 12 Democratic Summer Lee
100%
Nevada 3 Democratic Susie Lee
100%
California 40 Republican Young Kim
100%
Texas 9 Democratic Al Green
83%
Maryland 1 Republican Andy Harris
83%
Mississippi 2 Democratic Bennie Thompson
83%
Georgia 3 Republican Brian Jack
83%
Florida 19 Republican Byron Donalds
83%
California 47 Democratic Dave Min
83%
Ohio 2 Republican David Taylor
83%
Pennsylvania 15 Republican Glenn Thompson
83%
Michigan 11 Democratic Haley Stevens
83%
Michigan 10 Republican John James
83%
Illinois 1 Democratic Jonathan Jackson
83%
North Carolina 8 Republican Mark Harris
83%
California 4 Democratic Mike Thompson
83%
California 11 Democratic Nancy Pelosi
83%
Texas 13 Republican Ronny Jackson
83%
California 50 Democratic Scott Peters
83%
Texas 34 Democratic Vicente Gonzalez
83%
Florida 4 Republican Aaron Bean
67%
North Carolina 12 Democratic Alma Adams
67%
Georgia 8 Republican Austin Scott
67%
Virginia 3 Democratic Bobby Scott
67%
Georgia 1 Republican Buddy Carter
67%
Utah 4 Republican Burgess Owens
67%
West Virginia 1 Republican Carol Miller
67%
New Hampshire 1 Democratic Chris Pappas
67%
Illinois 7 Democratic Danny Davis
67%
North Carolina 1 Democratic Don Davis
67%
Pennsylvania 3 Democratic Dwight Evans
67%
Florida 24 Democratic Frederica Wilson
67%
Colorado 8 Republican Gabe Evans
67%
Kentucky 5 Republican Hal Rogers
67%
Minnesota 5 Democratic Ilhan Omar
67%
Connecticut 5 Democratic Jahana Hayes
67%
Illinois 4 Democratic Jesús "Chuy" Garcia
67%
South Carolina 2 Republican Joe Wilson
67%
Texas 31 Republican John Carter
67%
Massachusetts 5 Democratic Katherine Clark
67%
California 12 Democratic Lateefah Simon
67%
Iowa 1 Republican Mariannette Miller-Meeks
67%
Washington 3 Democratic Marie Gluesenkamp Perez
67%
Illinois 15 Republican Mary Miller
67%
Ohio 7 Republican Max Miller
67%
Utah 3 Republican Mike Kennedy
67%
Alabama 3 Republican Mike Rogers
67%
New York 18 Democratic Pat Ryan
67%
Massachusetts 1 Democratic Richard Neal
67%
California 42 Democratic Robert Garcia
67%
Florida 18 Republican Scott Franklin
67%
Massachusetts 6 Democratic Seth Moulton
67%
Kansas 3 Democratic Sharice Davids
67%
Ohio 11 Democratic Shontel Brown
67%
Tennessee 9 Democratic Steve Cohen
67%
Texas 29 Democratic Sylvia Garcia
67%
New York 26 Democratic Tim Kennedy
67%
New Jersey 7 Republican Tom Kean Jr.
67%
Louisiana 2 Democratic Troy Carter
67%
Kentucky 6 Republican Andy Barr
50%
Florida 13 Republican Anna Paulina Luna
50%
Alabama 1 Republican Barry Moore
50%
Utah 1 Republican Blake Moore
50%
New Jersey 12 Democratic Bonnie Watson Coleman
50%
Pennsylvania 2 Democratic Brendan Boyle
50%
Pennsylvania 1 Republican Brian Fitzpatrick
50%
Colorado 7 Democratic Brittany Pettersen
50%
Texas 21 Republican Chip Roy
50%
North Carolina 11 Republican Chuck Edwards
50%
Ohio 14 Republican David Joyce
50%
Florida 25 Democratic Debbie Wasserman Schultz
50%
Nebraska 2 Republican Don Bacon
50%
Hawaii 1 Democratic Ed Case
50%
North Carolina 3 Republican Greg Murphy
50%
New York 5 Democratic Gregory Meeks
50%
Wisconsin 4 Democratic Gwen Moore
50%
New York 8 Democratic Hakeem Jeffries
50%
South Carolina 6 Democratic James Clyburn
50%
Illinois 9 Democratic Jan Schakowsky
50%
Florida 23 Democratic Jared Moskowitz
50%
Pennsylvania 13 Republican John Joyce
50%
Tennessee 6 Republican John Rose
50%
Minnesota 3 Democratic Kelly Morrison
50%
Oklahoma 1 Republican Kevin Hern
50%
Michigan 8 Democratic Kristen McDonald Rivet
50%
California 38 Democratic Linda Sánchez
50%
Pennsylvania 4 Democratic Madeleine Dean
50%
New York 17 Republican Michael Lawler
50%
Ohio 10 Republican Michael Turner
50%
Texas 15 Republican Monica De La Cruz
50%
South Carolina 1 Republican Nancy Mace
50%
Georgia 5 Democratic Nikema Williams
50%
California 35 Democratic Norma Torres
50%
Washington 7 Democratic Pramila Jayapal
50%
Michigan 12 Democratic Rashida Tlaib
50%
Georgia 12 Republican Rick Allen
50%
West Virginia 2 Republican Riley Moore
50%
New York 15 Democratic Ritchie Torres
50%
Texas 25 Republican Roger Williams
50%
Pennsylvania 10 Republican Scott Perry
50%
Nevada 4 Democratic Steven Horsford
50%
Louisiana 1 Republican Steve Scalise
50%
New Mexico 3 Democratic Teresa Leger Fernández
50%
Kentucky 4 Republican Thomas Massie
50%
North Carolina 14 Republican Tim Moore
50%
Oklahoma 4 Republican Tom Cole
50%
Kansas 1 Republican Tracey Mann
50%
North Carolina 5 Republican Virginia Foxx
50%
Ohio 8 Republican Warren Davidson
50%
California 13 Democratic Adam Gray
33%
Arizona 7 Democratic Adelita Grijalva
33%
New York 13 Democratic Adriano Espaillat
33%
Indiana 7 Democratic André Carson
33%
New York 2 Republican Andrew Garbarino
33%
Minnesota 2 Democratic Angie Craig
33%
Massachusetts 7 Democratic Ayanna Pressley
33%
Vermont At-large Democratic Becca Balint
33%
Virginia 6 Republican Ben Cline
33%
Minnesota 4 Democratic Betty McCollum
33%
Illinois 10 Democratic Brad Schneider
33%
Kentucky 2 Republican Brett Guthrie
33%
Florida 28 Republican Carlos Giménez
33%
Maine 1 Democratic Chellie Pingree
33%
Pennsylvania 17 Democratic Chris Deluzio
33%
Texas 18 Democratic Christian Menefee
33%
Louisiana 3 Republican Clay Higgins
33%
Louisiana 6 Democratic Cleo Fields
33%
Florida 7 Republican Cory Mills
33%
Alabama 5 Republican Dale Strong
33%
Washington 4 Republican Dan Newhouse
33%
Florida 9 Democratic Darren Soto
33%
Arizona 1 Republican David Schweikert
33%
California 22 Republican David Valadao
33%
North Carolina 2 Democratic Deborah Ross
33%
Illinois 3 Democratic Delia Ramirez
33%
Wisconsin 3 Republican Derrick Van Orden
33%
Nevada 1 Democratic Dina Titus
33%
New Jersey 1 Democratic Donald Norcross
33%
Virginia 8 Democratic Don Beyer
33%
Arizona 2 Republican Eli Crane
33%
New York 21 Republican Elise Stefanik
33%
Virginia 7 Democratic Eugene Vindman
33%
Indiana 1 Democratic Frank Mrvan
33%
Arkansas 2 Republican French Hill
33%
New Mexico 2 Democratic Gabriel Vasquez
33%
Alabama 6 Republican Gary Palmer
33%
New York 6 Democratic Grace Meng
33%
Ohio 1 Democratic Greg Landsman
33%
Michigan 3 Democratic Hillary Scholten
33%
Maine 2 Democratic Jared Golden
33%
New Jersey 2 Republican Jeff Van Drew
33%
New York 12 Democratic Jerry Nadler
33%
California 19 Democratic Jimmy Panetta
33%
Florida 1 Republican Jimmy Patronis
33%
Colorado 2 Democratic Joe Neguse
33%
Connecticut 1 Democratic John Larson
33%
New Jersey 5 Democratic Josh Gottheimer
33%
New York 19 Democratic Josh Riley
33%
Ohio 3 Democratic Joyce Beatty
33%
California 28 Democratic Judy Chu
33%
Colorado 4 Republican Lauren Boebert
33%
Illinois 14 Democratic Lauren Underwood
33%
Pennsylvania 11 Republican Lloyd Smucker
33%
Georgia 6 Democratic Lucy McBath
33%
Florida 26 Republican Mario Díaz-Balart
33%
Wisconsin 2 Democratic Mark Pocan
33%
California 39 Democratic Mark Takano
33%
Pennsylvania 5 Democratic Mary Gay Scanlon
33%
California 43 Democratic Maxine Waters
33%
Ohio 15 Republican Mike Carey
33%
Georgia 10 Republican Mike Collins
33%
Pennsylvania 16 Republican Mike Kelly
33%
Idaho 2 Republican Mike Simpson
33%
Florida 2 Republican Neal Dunn
33%
New York 1 Republican Nicholas LaLota
33%
New York 11 Republican Nicole Malliotakis
33%
New York 7 Democratic Nydia Velázquez
33%
California 33 Democratic Pete Aguilar
33%
North Carolina 9 Republican Richard Hudson
33%
Georgia 7 Republican Rich McCormick
33%
New Jersey 8 Democratic Robert Menendez Jr.
33%
Illinois 2 Democratic Robin Kelly
33%
California 17 Democratic Ro Khanna
33%
Connecticut 3 Democratic Rosa DeLauro
33%
Montana 1 Republican Ryan Zinke
33%
Missouri 6 Republican Sam Graves
33%
Georgia 2 Democratic Sanford Bishop
33%
Delaware At-large Democratic Sarah McBride
33%
California 51 Democratic Sara Jacobs
33%
Wisconsin 5 Republican Scott Fitzgerald
33%
Rhode Island 2 Democratic Seth Magaziner
33%
Maryland 5 Democratic Steny Hoyer
33%
Tennessee 2 Republican Tim Burchett
33%
Michigan 7 Republican Tom Barrett
33%
Minnesota 6 Republican Tom Emmer
33%
Mississippi 1 Republican Trent Kelly
33%
Ohio 12 Republican Troy Balderson
33%
Oregon 4 Democratic Val Hoyle
33%
Florida 16 Republican Vern Buchanan
33%
Indiana 5 Republican Victoria Spartz
33%
Missouri 1 Democratic Wesley Bell
33%
South Carolina 4 Republican William Timmons
33%
Arizona 8 Republican Abe Hamadeh
17%
North Carolina 6 Republican Addison McDowell
17%
California 6 Democratic Ami Bera
17%
New Jersey 11 Democratic Analilia Mejia
17%
Oregon 6 Democratic Andrea Salinas
17%
Georgia 9 Republican Andrew Clyde
17%
Arizona 5 Republican Andy Biggs
17%
Tennessee 5 Republican Andy Ogles
17%
Missouri 2 Republican Ann Wagner
17%
Maryland 6 Democratic April McClain Delaney
17%
Iowa 2 Republican Ashley Hinson
17%
Texas 11 Republican August Pfluger
17%
Georgia 11 Republican Barry Loudermilk
17%
Texas 24 Republican Beth Van Duyne
17%
Illinois 11 Democratic Bill Foster
17%
Michigan 4 Republican Bill Huizenga
17%
Massachusetts 9 Democratic Bill Keating
17%
Ohio 5 Republican Bob Latta
17%
Missouri 3 Republican Bob Onder
17%
Minnesota 1 Republican Brad Finstad
17%
North Carolina 13 Republican Brad Knott
17%
California 32 Democratic Brad Sherman
17%
Texas 26 Republican Brandon Gill
17%
Texas 36 Republican Brian Babin
17%
Florida 21 Republican Brian Mast
17%
Arkansas 4 Republican Bruce Westerman
17%
Wisconsin 1 Republican Bryan Steil
17%
Utah 2 Republican Celeste Maloy
17%
Pennsylvania 6 Democratic Chrissy Houlahan
17%
Tennessee 3 Republican Chuck Fleischmann
17%
New York 24 Republican Claudia Tenney
17%
Georgia 14 Republican Clay Fuller
17%
Oregon 2 Republican Cliff Bentz
17%
Texas 12 Republican Craig Goldman
17%
Texas 2 Republican Dan Crenshaw
17%
New York 10 Democratic Dan Goldman
17%
Florida 11 Republican Daniel Webster
17%
Pennsylvania 9 Republican Dan Meuser
17%
Illinois 16 Republican Darin LaHood
17%
California 48 Republican Darrell Issa
17%
Tennessee 8 Republican David Kustoff
17%
North Carolina 7 Republican David Rouzer
17%
Michigan 6 Democratic Debbie Dingell
17%
Kansas 2 Republican Derek Schmidt
17%
California 45 Democratic Derek Tran
17%
Colorado 1 Democratic Diana DeGette
17%
Tennessee 1 Republican Diana Harshbarger
17%
California 7 Democratic Doris Matsui
17%
Missouri 5 Democratic Emanuel Cleaver
17%
Ohio 13 Democratic Emilia Sykes
17%
Washington 6 Democratic Emily Randall
17%
Missouri 7 Republican Eric Burlison
17%
Illinois 17 Democratic Eric Sorensen
17%
Indiana 9 Republican Erin Houchin
17%
Oklahoma 3 Republican Frank Lucas
17%
New Jersey 6 Democratic Frank Pallone
17%
Rhode Island 1 Democratic Gabe Amo
17%
New York 16 Democratic George Latimer
17%
California 27 Democratic George Whitesides
17%
Wisconsin 6 Republican Glenn Grothman
17%
Maryland 4 Democratic Glenn Ivey
17%
Texas 35 Democratic Greg Casar
17%
Arizona 4 Democratic Greg Stanton
17%
Florida 17 Republican Greg Steube
17%
Florida 12 Republican Gus Bilirakis
17%
Pennsylvania 14 Republican Guy Reschenthaler
17%
Wyoming At-large Republican Harriet Hageman
17%
Texas 28 Democratic Henry Cuellar
17%
New Jersey 3 Democratic Herb Conaway
17%
Michigan 1 Republican Jack Bergman
17%
Massachusetts 4 Democratic Jake Auchincloss
17%
Texas 6 Republican Jake Ellzey
17%
Kentucky 1 Republican James Comer
17%
Connecticut 4 Democratic James Himes
17%
Virginia 11 Democratic James Walkinshaw
17%
Maryland 8 Democratic Jamie Raskin
17%
Oregon 5 Democratic Janelle Bynum
17%
California 2 Democratic Jared Huffman
17%
Texas 30 Democratic Jasmine Crockett
17%
Colorado 6 Democratic Jason Crow
17%
California 23 Republican Jay Obernolte
17%
Colorado 5 Republican Jeff Crank
17%
Indiana 6 Republican Jefferson Shreve
17%
Colorado 3 Republican Jeff Hurd
17%
Virginia 2 Republican Jen Kiggans
17%
Virginia 4 Democratic Jennifer McClellan
17%
Hawaii 2 Democratic Jill Tokuda
17%
Indiana 4 Republican Jim Baird
17%
California 21 Democratic Jim Costa
17%
Massachusetts 2 Democratic Jim McGovern
17%
Texas 20 Democratic Joaquin Castro
17%
Texas 19 Republican Jodey Arrington
17%
Connecticut 2 Democratic Joe Courtney
17%
California 8 Democratic John Garamendi
17%
New York 22 Democratic John Mannion
17%
Virginia 5 Republican John McGuire
17%
Michigan 2 Republican John Moolenaar
17%
Maryland 2 Democratic Johnny Olszewski
17%
Florida 5 Republican John Rutherford
17%
New York 25 Democratic Joseph Morelle
17%
Oklahoma 2 Republican Josh Brecheen
17%
California 9 Democratic Josh Harder
17%
Arizona 6 Republican Juan Ciscomani
17%
California 52 Democratic Juan Vargas
17%
California 26 Democratic Julia Brownley
17%
Louisiana 5 Republican Julia Letlow
17%
North Dakota At-large Republican Julie Fedorchak
17%
Florida 3 Republican Kat Cammack
17%
Florida 14 Democratic Kathy Castor
17%
Texas 3 Republican Keith Self
17%
California 41 Republican Ken Calvert
17%
California 3 Independent Kevin Kiley
17%
California 15 Democratic Kevin Mullin
17%
Washington 8 Democratic Kim Schrier
17%
Maryland 7 Democratic Kweisi Mfume
17%
New Jersey 10 Democratic LaMonica McIver
17%
Texas 5 Republican Lance Gooden
17%
California 30 Democratic Laura Friedman
17%
New York 4 Democratic Laura Gillen
17%
Michigan 9 Republican Lisa McClain
17%
Texas 7 Democratic Lizzie Fletcher
17%
Texas 37 Democratic Lloyd Doggett
17%
Florida 22 Democratic Lois Frankel
17%
Massachusetts 3 Democratic Lori Trahan
17%
California 46 Democratic Lou Correa
17%
New Hampshire 2 Democratic Maggie Goodlander
17%
Texas 33 Democratic Marc Veasey
17%
Ohio 9 Democratic Marcy Kaptur
17%
Florida 27 Republican Maria Elvira Salazar
17%
Washington 10 Democratic Marilyn Strickland
17%
Missouri 4 Republican Mark Alford
17%
Nevada 2 Republican Mark Amodei
17%
California 10 Democratic Mark DeSaulnier
17%
Indiana 8 Republican Mark Messmer
17%
Indiana 3 Republican Marlin Stutzman
17%
Tennessee 7 Republican Matt Van Epps
17%
Oregon 3 Democratic Maxine Dexter
17%
Florida 10 Democratic Maxwell Alejandro Frost
17%
New Mexico 1 Democratic Melanie Stansbury
17%
Washington 5 Republican Michael Baumgartner
17%
Texas 27 Republican Michael Cloud
17%
Mississippi 3 Republican Michael Guest
17%
Texas 10 Republican Michael McCaul
17%
Ohio 6 Republican Michael Rulli
17%
Minnesota 7 Republican Michelle Fischbach
17%
Illinois 12 Republican Mike Bost
17%
Mississippi 4 Republican Mike Ezell
17%
Nebraska 1 Republican Mike Flood
17%
Florida 8 Republican Mike Haridopolos
17%
California 49 Democratic Mike Levin
17%
Illinois 5 Democratic Mike Quigley
17%
Virginia 9 Republican Morgan Griffith
17%
Texas 8 Republican Morgan Luttrell
17%
Kentucky 3 Democratic Morgan McGarvey
17%
California 44 Democratic Nanette Barragán
17%
Texas 1 Republican Nathaniel Moran
17%
New Jersey 9 Democratic Nellie Pou
17%
Alaska At-large Republican Nick Begich III
17%
New York 23 Republican Nick Langworthy
17%
Illinois 13 Democratic Nikki Budzinski
17%
Texas 4 Republican Pat Fallon
17%
North Carolina 10 Republican Pat Harrigan
17%
Arizona 9 Republican Paul Gosar
17%
New York 20 Democratic Paul Tonko
17%
Texas 17 Republican Pete Sessions
17%
Minnesota 8 Republican Pete Stauber
17%
Illinois 8 Democratic Raja Krishnamoorthi
17%
South Carolina 5 Republican Ralph Norman
17%
Iowa 4 Republican Randy Feenstra
17%
Florida 6 Republican Randy Fine
17%
Texas 14 Republican Randy Weber
17%
California 25 Democratic Raul Ruiz
17%
Arkansas 1 Republican Rick Crawford
17%
Washington 2 Democratic Rick Larsen
17%
Pennsylvania 8 Republican Rob Bresnahan
17%
Alabama 4 Republican Robert Aderholt
17%
Virginia 1 Republican Rob Wittman
17%
Kansas 4 Republican Ron Estes
17%
Indiana 2 Republican Rudy Yakym
17%
South Carolina 7 Republican Russell Fry
17%
Idaho 1 Republican Russ Fulcher
17%
Pennsylvania 7 Republican Ryan Mackenzie
17%
California 24 Democratic Salud Carbajal
17%
Maryland 3 Democratic Sarah Elfreth
17%
Tennessee 4 Republican Scott DesJarlais
17%
Illinois 6 Democratic Sean Casten
17%
South Carolina 3 Republican Sheri Biggs
17%
Alabama 2 Democratic Shomari Figures
17%
Michigan 13 Democratic Shri Thanedar
17%
Oklahoma 5 Republican Stephanie Bice
17%
Massachusetts 8 Democratic Stephen Lynch
17%
Arkansas 3 Republican Steve Womack
17%
Virginia 10 Democratic Suhas Subramanyam
17%
Washington 1 Democratic Suzan DelBene
17%
Oregon 1 Democratic Suzanne Bonamici
17%
California 36 Democratic Ted Lieu
17%
Alabama 7 Democratic Terri Sewell
17%
Michigan 5 Republican Tim Walberg
17%
California 5 Republican Tom McClintock
17%
New York 3 Democratic Tom Suozzi
17%
Wisconsin 7 Republican Tom Tiffany
17%
Wisconsin 8 Republican Tony Wied
17%
Montana 2 Republican Troy Downing
17%
Texas 22 Republican Troy Nehls
17%
North Carolina 4 Democratic Valerie Foushee
17%
Texas 16 Democratic Veronica Escobar
17%
California 20 Republican Vince Fong
17%
Texas 38 Republican Wesley Hunt
17%
Arizona 3 Democratic Yassamin Ansari
17%
New York 9 Democratic Yvette Clarke
17%
Iowa 3 Republican Zach Nunn
17%
California 18 Democratic Zoe Lofgren
17%
California 31 Democratic Gil Cisneros
0%
California 29 Democratic Luz Rivas
0%
California 16 Democratic Sam Liccardo
0%
California 37 Democratic Sydney Kamlager-Dove
0%
No matching quizzes found
Score Distribution
Percent of People with Each Score
Percentile by Number Answered
Your Score History
You have not taken this quiz since the last reset